Movies Quiz

Random Movies or Letter Quiz

'L' Film Characters Quiz Stats

Quiz Updated Oct 12, 2015

Challenge
Share
Tweet
Score 0/20 Timer 04:00
6 Plays Today
picture name % Correct
Lady (Lady and the Tramp)
92.1%
Lara Croft (Lara Croft: Tomb Raider)
90%
Legolas Greenleaf (Lord of the Rings)
82.5%
Luke Skywalker (Star Wars)
78.8%
The Lorax (The Lorax)
78.1%
Luna Lovegood (Harry Potter)
72.4%
Lightning McQueen (Cars)
70%
Loki (Thor)
69.3%
Louise (Thelma & Louise)
62.3%
Larry Flynt (The People vs. Larry Flynt)
62.1%
picture name % Correct
Lumiere (Beauty and the Beast)
62%
Léon (Léon/The Professional)
52.6%
Sir Lancelot (the Brave) (Monty Python and the Holy Grail)
48.6%
Lloyd Christmas (Dumb and Dumber)
45.7%
Lola (Run Lola Run)
36.7%
Lars Lindstrom (Lars and the Real Girl)
34.6%
Leeloo (The Fifth Element)
29.2%
Lisbeth Salander (The Girl with the Dragon Tattoo)
29.1%
Leonard Shelby (Memento)
27.1%
Lester Burnham (American Beauty)
23.4%

You're not logged in!

Compare scores with friends on all Sporcle quizzes.
Sign Up with Email
OR
Log In

You Might Also Like...

Show Comments

Extras

Top Quizzes Today


Score Distribution

Your Account Isn't Verified!

In order to create a playlist on Sporcle, you need to verify the email address you used during registration. Go to your Sporcle Settings to finish the process.